Music Quiz

Random Music or Rock Quiz

Matching Album Lyrics: Magical Mystery Tour Quiz Stats

 Plays Quiz not verified by Sporcle

Challenge
Share
Tweet
Embed
Score 0/11 Timer 03:00
0 Plays Today
% Correct
Magical Mystery Tour
97.8%
Hello Goodbye
97.8%
I Am The Walrus
95.3%
Penny Lane
95%
All You Need Is Love
94.6%
Fool On The Hill
93.8%
Your Mother Should Know
93.6%
Strawberry Fields Forever
91.3%
Baby You're A Rich Man
90.8%
Blue Jay Way
86.4%
Flying
86.4%

You're not logged in!

Compare scores with friends on all Sporcle quizzes.
OR
Log In

You Might Also Like...

Show Comments

Extras

Top Quizzes Today


Score Distribution

Your Account Isn't Verified!

In order to create a playlist on Sporcle, you need to verify the email address you used during registration. Go to your Sporcle Settings to finish the process.

Report this User

Report this user for behavior that violates our Community Guidelines.

Details: